00713nam a22002297a 45000010005000000030010000050050017000150080041000320200018000730400047000910410008001380820018001461100028001642450062001922500006002542640057002603000011003173360027003283370033003553380028003886530067004163441CO-MdFUSB20180622073136.0171127t1978 sp ||||| |||| 00| 0 spa d a84-7151-226-2 aCO-MdFUSBbspacCO-MdFUSBdCO-MdFUSBCerda0 aspa04aG 226.6 E649h1 aEquipo Cahiers Evangile 4aLos Hechos de los Apóstolesc / Equipo Cahiers Evangile a5 4aEstella, Navarra, España : bVerbo Divino,c©1978 a74 Pag 2rdacontentatextobtxt 2rdamediaasin mediaciónbn 2rdacarrieravolumenbnc aInterpretación de la Biblia N.T - Hechos de los apóstoles